000 nam a22 7a 4500
999 _c7957
_d7957
008 171118b xxu||||| |||| 00| 0 eng d
100 _94414
_aNCERT
245 _aSCIENCE LABORATORY MANUAL -X
260 _aNEW DELHI
_bNCERT
_c2012